Las mujeres en la enseñanza de las ciencias sociales

Sparad:
Bibliografiska uppgifter
Huvudupphovsman: Fernández Valencia, Antonia (Författare, medförfattare)
Materialtyp: Bok
Språk:spanska
Publicerad: Madrid Síntesis 2001
Serie:Didáctica de las Ciencias Sociales, 3
Ämnen:
Taggar: Lägg till en tagg
Inga taggar, Lägg till första taggen!

MARC

LEADER 00000nam a2200000 a 4500
001 UCM1711
003 CL-VaPUC
008 020412e20010000SP |||||||||||||||||spa|d
082 0 4 |a 372.83  |b FER  |2 21 
100 0 |a Fernández Valencia, Antonia  |e author  |9 468513 
245 1 4 |a Las mujeres en la enseñanza de las ciencias sociales 
300 |a 205 p 
942 |c BK 
945 |d 20020412 00:00:00  |a vberengu 
260 |a Madrid  |b Síntesis  |c 2001 
650 0 |a Enseñanza de las ciencias sociales  |9 337823 
650 0 |a Mujeres condiciones sociales  |9 307717 
583 |a last modification  |c 20020412 00:00:00  |k Rodrigo Vera 
490 0 |a Didáctica de las Ciencias Sociales, 3 
999 |c 299957  |d 299955 
952 |0 0  |1 0  |4 0  |6 372_830000000000000_FER_2001  |7 0  |8 A  |9 357141  |a BIBHIS  |b BIBHIS  |d 2019-11-21  |i 3807231  |o 372.83 FER 2001  |p 3807231  |r 2025-01-20  |w 2019-11-21  |y BK  |k HIS